Signos, señales y símbolos (Record no. 22804)
[ view plain ]
| 000 -CABECERA | |
|---|---|
| campo de control de longitud fija | 00543caa a22001572a 4500 |
| 001 - NÚMERO DE CONTROL | |
| campo de control | 017053 |
| 003 - IDENTIFICADOR DEL NÚMERO DE CONTROL | |
| campo de control | AR-FADEU |
| 008 - DATOS DE LONGITUD FIJA--INFORMACIÓN GENERAL | |
| campo de control de longitud fija | 311216n########xxu####################dd |
| 092 ## - ASIGNACIÓN LOCAL DE SIGNATURA TOPOGRÁFICA DEWEY (OCLC) | |
| Número de clasificación | 302.2 |
| Número de documento/Ítem | H347 |
| 100 ## - ENTRADA PRINCIPAL--NOMBRE DE PERSONA | |
| Nombre de persona | Lasswell, Harold D. |
| 245 ## - MENCIÓN DE TÍTULO | |
| Título | Signos, señales y símbolos |
| 300 ## - DESCRIPCIÓN FÍSICA | |
| Extensión | PP. 65-76 |
| 500 ## - NOTA GENERAL | |
| Nota general | En: La comunicación : monografías / Walter Otto Haseloff. Caracas : Tiempo Nuevo, 1969 |
| 773 0# - ENLACE AL DOCUMENTO FUENTE/ENTRADA DE REGISTRO ANFITRIÓN | |
| Número bibliográfico anfitrión | 22791 |
| Número de ítem anfitrión | 22630 |
| Encabezamiento principal | Haseloff, Otto Walter |
| Edición | |
| Lugar, editor y fecha de publicación | Caracas |
| Otro identificador del documento | 1171 |
| Título | La comunicación : monografías |
| Número de control del registro | ( AR-FADEU) 017040 |
| Número Internacional Normalizado para Publicaciones Seriadas | |
| Número Internacional Estándar del Libro | |
| 942 ## - ELEMENTOS DE PUNTO DE ACCESO ADICIONAL (KOHA) | |
| Tipo de ítem Koha | BDGR |
No items available.